Movies Quiz

Random Movies or Oscar Quiz

Sissy Spacek's Oscar nominations Quiz Stats

Quiz not verified by Sporcle

Challenge
Share
Tweet
Embed
Score 0/6 Timer 03:00
0 Plays Today
Year Film % Correct
1976Carrie
95.3%
1980Coal Miner's Daughter
90.7%
2001In the Bedroom
90.7%
1982Missing
74.4%
1984The River
67.4%
1986Crimes of the Heart
53.5%

You're not logged in!

Compare scores with friends on all Sporcle quizzes.
Sign Up with Email
OR
Log In

You Might Also Like...

Show Comments

Extras

Top Quizzes Today


Score Distribution

Your Account Isn't Verified!

In order to create a playlist on Sporcle, you need to verify the email address you used during registration. Go to your Sporcle Settings to finish the process.

Report this User

Report this user for behavior that violates our Community Guidelines.

Details: